000
00362nam a2200133Ia 4500
008
100328s9999 xx 000 0 und d
082
_b
59107
100
_a
नाईक वाय.पी.
245
_a
नव्यावाटा.
260
_b
आभा.
630
_a
नव्यावाटा.
730
_a
नव्यावाटा.
942
_c
BOOK
999
_c
545371
_d
545368